Schaum`s outline of theory and problems of numerical analysis (Record no. 34563)

MARC details
000 -LEADER
fixed length control field 00473nam a2200193Ia 4500
020 ## - INTERNATIONAL STANDARD BOOK NUMBER
ISBN 0-07-055221-5
050 ## - CALL MARK
Classification number QA 297 .S37/
100 ## - STATEMENT OF RESPONSIBILITY--MAIN AUTHOR NAME
Personal name Scheid, Francis
245 #0 - TITLE STATEMENT
Title Schaum`s outline of theory and problems of numerical analysis
250 ## - EDITION / VOLUME STATEMENT
Edition / Volume statement 2nd ed.
260 ## - PUBLICATION, DISTRIBUTION, ETC. (IMPRINT)
Place of publication New York
260 ## - PUBLICATION, DISTRIBUTION, ETC. (IMPRINT)
Name of publisher McGraw-Hill
260 ## - PUBLICATION, DISTRIBUTION, ETC. (IMPRINT)
Year of publication 1988
300 ## - PHYSICAL DESCRIPTION
Number of Pages 471 p
650 ## - SUBJECT ADDED ENTRY--TOPICAL TERM
Topical Term Mathematics
942 ## - ADDED ENTRY ELEMENTS (KOHA)
Koha item type Books
Holdings
Withdrawn status Lost status Source of classification or shelving scheme Damaged status Not for loan Permanent Location Current Location Shelving location Date acquired Accession Number Price effective from Koha item type
    Library of Congress Classification     NILE UNIVERSITY OF NIGERIA - MAIN LIBRARY NILE UNIVERSITY OF NIGERIA - MAIN LIBRARY Items on shelf 04/23/2025 0007516 04/23/2025 Books